[Event "Klaipeda New Year"]
[Site "Klaipeda"]
[Date "2016.12.26"]
[Round "1.5"]
[White "Konal, Emine Nursel"]
[Black "Buivydas, Skirmantas"]
[Result "1-0"]
[WhiteElo "1286"]
[BlackElo "1789"]
[PlyCount "51"]
[EventDate "2016.12.26"]
[EventType "swiss"]
[EventRounds "5"]
[EventCountry "LTU"]
[SourceTitle "EXT 2024"]
[Source "ChessBase"]
[SourceDate "2023.10.10"]
[SourceVersion "1"]
[SourceVersionDate "2023.10.10"]
[SourceQuality "1"]

1. e4 c6 2. d4 d5 3. Nc3 dxe4 4. Nxe4 Nd7 5. Nf3 Ngf6 6. Ng3 e6 7. Bc4 Bd6 8. Qe2 0-0 9. Bd2 e5 10. Nf5 Bc7 11. Bb4 Re8 12. Ng5 Nd5 13. Qh5 exd4+ 14. Kf1 Qxg5 15. Qxg5 g6 16. Bxd5 cxd5 17. Ne7+ Kg7 18. Qxd5 b6 19. Nxc8 Raxc8 20. Qxd7 Red8 21. Qb5 Bb8 22. Qd3 Be5 23. h4 h5 24. Re1 Bf6 25. Rh3 Rc6 26. Be7 1-0